| 000 | 00670nam a2200217Ia 4500 | ||
|---|---|---|---|
| 005 | 20251020182547.0 | ||
| 008 | 200515s9999 xx 000 0 und d | ||
| 020 | _a978-9962-04-212-9 | ||
| 082 | _a749.42/M26 | ||
| 100 | _aMartínez Alonso, Claudia | ||
| 245 | 0 | _aIdeas brillantes en iluminación | |
| 260 | _aChina | ||
| 260 | _bLoft Publication | ||
| 260 | _c2015 | ||
| 300 | _a539 p. | ||
| 300 | _bil. | ||
| 520 | _aMuestra diferentes tipos de iluminación e incluye reproducciones de esbozos y planos y lamparas y otros sistemas en los que se conjugan técnica punta y técnicas tradicionales | ||
| 650 | _aILUMINACION | ||
| 942 | _cLIB | ||
| 999 |
_c2600 _d2600 |
||